Marketing poprzez sztukę - "paryska" kolekcja krakowskiej princessy [Heleny Rubinstein]

Titel: Marketing poprzez sztukę - "paryska" kolekcja krakowskiej princessy [Heleny Rubinstein]
Verfasser:
In: Album amicorum, (2008), Seite 293-301
alle Artikel anzeigen
Veröffentlicht: 2008
Format: Aufsatz
Sprache: Polnisch
Kein Bild verfügbar
X
alg: 39438397
001A    $01999:12-11-16 
001B    $01999:29-05-21 $t17:48:41.000 
001D    $01999:12-11-16 
001U    $0utf8 
001X    $00 
002@    $0Aox 
003@    $0394383974 
007A    $0394383974 $aHEB 
007T    $0Herdkk00042378 
010@    $apol 
011@    $a2008 
021A    $aMarketing poprzez sztukę - "paryska" kolekcja krakowskiej princessy [Heleny Rubinstein] 
028A    $aRosset $dTomasz F. de 
031A    $h293-301 $j2008 
039B    $aIn $8--Aau--. Album amicorum. - Toruń : Wydawnictwo Naukowe Uniwersytetu Mikołaja Kopernika, 2008. - 407 S.. - Ill.. - ISBN 83-231-2205-9 $x200800000000000707 $9366207512 
045F    $a929.09438 $eDDC23BSB 
045F/01 $a929 
045F/03 $g438 

lok: 39438397 78

exp: 39438397 78 1 #EPN
201B/01 $027-05-21 $t22:49:09.000 
201U/01 $0utf8 
203@/01 $0790494485 
208@/01 $a12-11-16 $be 
209A/01 $a/ $f000 $x00 
220C/01 $aHerkunft: PBB/IH PAN 
244Z/01 $2Trx $#Poola $#Lenkija $#Polija $#Polen Land $#Poland $#Lengyelország $#Poľsko $#Polsko $8--Trx--Polska$gkraj $x01 $9391345966 
244Z/01 $#Krakau $#Kraków $#Cracovie $#Cracovia $#Cracow $#Krakoi $#Krakov $#Cracov $74073760-3 $8--Tg1--Krakau $x02 $9085207705 
244Z/01 $aGeschichte 1870-1965 $x03 
244Z/01 $#Rubinstein, Helena $7118750089 $8--Tp1--Rubinstein, Helena$Z1870-1965 $x04 $9087090783 
244Z/01 $2Trx $#ettevõtjad $#verslininkai $#entrepreneurs $#vállalkozó $#przedsiębiorcy $#podnikatelia $#podnikatelé $8--Trx--Unternehmer $x05 $9391382802 
244Z/01 $2Trx $#kogud $#kolekcijos $#Collections $#gyüjtemények $#zbiory $#zbierky $#sbírky $#Kunstsammlungen $#umelecké zbierky $8--Trx--Sammlungen $x06 $9391383078 
244Z/01 $2Trx $#kunst üldine $#menas bendras $#art $#müvészet általános $#sztuka ogólnie $#umenie všeobecne $#umění všeobecně $8--Trx--Kunst$gallgemein $x07 $9391354213 
244Z/01 $2Trx $#Védn1ok1ok $#mecenasi sztuki $#mecenáši $#mecenáši $8--Trx--Mäzene $x08 $9391383132 
244Z/01 $2Trx $8--Trx--Einzelbeiträge $x09 $9391384570 
245Z/01 $a12.03 $x01 
247C/01 $82080>Marburg/Lahn, Herder-Institut, Forschungsbibliothek, Bibliographieportal $9336309341
LEADER 00000caa a22000002c 4500
001 394383974
003 DE-603
005 20210529174841.0
007 tu
008 161112s2008 xx |||| | u00||u|pol c
035 |a (DE-599)HEB394383974 
040 |a DE-603  |b ger  |c DE-603  |d DE-603 
041 |a pol 
082 0 4 |8 1\u  |a 929.09438  |q DE-101  |2 23/BSB 
085 |8 1\u  |b 929 
085 |8 1\u  |z 2  |s 438 
100 1 |a Rosset, Tomasz F. de 
245 0 0 |a Marketing poprzez sztukę - "paryska" kolekcja krakowskiej princessy [Heleny Rubinstein] 
264 0 |c 2008 
773 0 8 |i In  |t Album amicorum  |d Toruń : Wydawnictwo Naukowe Uniwersytetu Mikołaja Kopernika, 2008  |h 407 S., Ill.  |z 8323122059  |z 9788323122050  |g (2008), Seite 293-301  |w (DE-603)366207512 
924 0 |9 2080  |a (DE-603)790494485  |b DE-2080  |c HES  |d d  |g /